[Event "chess.com SpeedChess 2022"]
[Site "chess.com INT"]
[Date "2022.12.07"]
[Round "1.18"]
[White "Giri, Anish"]
[Black "Nihal, Sarin"]
[Result "0-1"]
[WhiteTitle "GM"]
[BlackTitle "GM"]
[WhiteElo "2764"]
[BlackElo "2670"]
[WhiteFideId "24116068"]
[BlackFideId "25092340"]
[EventDate "2022.11.23"]
[EventType "k.o."]

1. d4 d5 2. c4 e6 3. Nc3 h6 4. cxd5 exd5 5. Bf4 c6 6. e3 Bf5 7. Bd3 Bxd3 8. Qxd3
Nf6 9. Nge2 Nbd7 10. O-O Be7 11. h3 O-O 12. Rad1 Re8 13. f3 c5 14. dxc5 Nxc5 15.
Qd2 Ne6 16. Be5 Nd7 17. Bg3 Nf6 18. Nxd5 Nxd5 19. Qxd5 Qb6 20. Qb3 Qxb3 21. axb3
Rac8 22. Nc3 Bf6 23. Ne4 Be7 24. Be5 Nc5 25. Nxc5 Bxc5 26. Bd4 Bxd4 27. exd4 Re3
28. Rfe1 Rxb3 29. Rd2 Kf8 30. d5 Rd8 31. d6 Rb6 32. Red1 Ke8 33. Re1+ Kf8 34.
Red1 a5 35. Kh2 Ke8 36. Re1+ Kf8 37. Red1 g5 38. Kg3 Kg7 39. h4 Kf6 40. hxg5+
hxg5 41. f4 Rb3+ 42. Kg4 Rb4 43. g3 Rg8 44. Kf3 Rb3+ 45. Kf2 gxf4 46. gxf4 Kf5
47. d7 Rd8 48. Re1 Rh3 49. Kg2 Rhh8 50. Re5+ Kxf4 51. Rxa5 Rdg8+ 52. Kf1 Rh1+
53. Ke2 Rh2+ 54. Kd3 Rxd2+ 55. Kxd2 Rd8 56. Rd5 Ke4 57. Rd3 Ke5 58. Ke3 Ke6 59.
Ke4 Rxd7 60. Rb3 Kd6 61. Kd4 Kc6+ 62. Kc4 f5 63. Rf3 Rf7 64. Rf4 Kd6 65. Kd4 Ke6
66. Rf3 Rd7+ 67. Ke3 Ke5 68. Rf1 Rh7 69. Kd3 Rh3+ 70. Kc4 f4 71. b4 Ke4 72. Kc5
f3 73. Kb6 Rh7 74. b5 Ke3 75. Re1+ Kf2 76. Re8 Rg7 77. Rb8 Kg2 78. Rxb7 Rxb7+
79. Kxb7 f2 80. b6 f1=Q 0-1

[Event "chess.com SpeedChess 2022"]
[Site "chess.com INT"]
[Date "2022.12.07"]
[Round "1.19"]
[White "Nihal, Sarin"]
[Black "Giri, Anish"]
[Result "1-0"]
[WhiteTitle "GM"]
[BlackTitle "GM"]
[WhiteElo "2670"]
[BlackElo "2764"]
[WhiteFideId "25092340"]
[BlackFideId "24116068"]
[EventDate "2022.11.23"]
[EventType "k.o."]

1. d4 Nf6 2. Nf3 g6 3. Nc3 d5 4. Bf4 Bg7 5. e3 O-O 6. Nb5 Na6 7. h3 Ne4 8. c3 c6
9. Na3 f6 10. Be2 e5 11. Bh2 exd4 12. exd4 Nc7 13. O-O Be6 14. Re1 Qd7 15. Bd3
Nd6 16. Nc2 Rae8 17. Ne3 Bf7 18. Qb3 b6 19. Qa3 Ndb5 20. Qb4 a5 21. Qb3 Rb8 22.
Bxb5 cxb5 23. Bxc7 Qxc7 24. Qxb5 Rbd8 25. Re2 h5 26. Rae1 Bh6 27. Qd3 Kg7 28.
Nh4 Rh8 29. Nxd5 Qd6 30. Re7 1-0

[Event "chess.com SpeedChess 2022"]
[Site "chess.com INT"]
[Date "2022.12.07"]
[Round "1.21"]
[White "Giri, Anish"]
[Black "Nihal, Sarin"]
[Result "1/2-1/2"]
[WhiteTitle "GM"]
[BlackTitle "GM"]
[WhiteElo "2764"]
[BlackElo "2670"]
[WhiteFideId "24116068"]
[BlackFideId "25092340"]
[EventDate "2022.11.23"]
[EventType "k.o."]

1. e4 c6 2. d4 d5 3. e5 Bf5 4. Nf3 e6 5. Be2 Nd7 6. O-O Bg6 7. c3 Nh6 8. a4 a5
9. Nbd2 f6 10. Nb3 Nf7 11. Re1 Be7 12. exf6 Bxf6 13. Bd3 Qe7 14. Bxg6 hxg6 15.
Qe2 Nd8 16. Bf4 O-O 17. Bg3 Re8 18. Qd3 Qf7 19. Re2 g5 20. h3 Qh5 21. Rae1 g4
22. hxg4 Qxg4 23. Nh2 Qh5 24. Bc7 Nf7 25. Rxe6 Rxe6 26. Rxe6 Ng5 27. Re1 Ne4 28.
Nd2 Nxd2 29. Qxd2 c5 30. dxc5 Nxc5 31. Be5 Rd8 32. Bxf6 gxf6 33. Qd4 Nd7 34. Ng4
Kf7 35. Rd1 Ne5 36. f3 Nxg4 37. fxg4 Qe5 38. Qb6 Rd7 39. Qf2 Kg6 40. Qf3 d4 41.
Qd3+ Kg7 42. cxd4 Qf4 43. b3 Qxg4 44. d5 Qb4 45. Qg3+ Kf7 46. d6 Qc5+ 47. Qf2
Qxf2+ 48. Kxf2 Ke6 49. Ke3 Rxd6 50. Rxd6+ Kxd6 51. Kd4 f5 52. g3 b6 53. Kc4 Kc6
54. Kd4 Kd6 55. Kc4 Kc6 56. Kd4 Kd6 1/2-1/2

[Event "chess.com SpeedChess 2022"]
[Site "chess.com INT"]
[Date "2022.12.07"]
[Round "1.22"]
[White "Nihal, Sarin"]
[Black "Giri, Anish"]
[Result "0-1"]
[WhiteTitle "GM"]
[BlackTitle "GM"]
[WhiteElo "2670"]
[BlackElo "2764"]
[WhiteFideId "25092340"]
[BlackFideId "24116068"]
[EventDate "2022.11.23"]
[EventType "k.o."]

1. d4 Nf6 2. Nf3 g6 3. Nc3 d5 4. Bf4 Bg7 5. Nb5 Na6 6. e3 O-O 7. h3 Ne4 8. c3 c6
9. Na3 f6 10. Be2 e5 11. Bh2 exd4 12. exd4 Nc7 13. O-O f5 14. Be5 Ne6 15. Nc2 f4
16. Nce1 N6g5 17. Nd3 Nxf3+ 18. Bxf3 Qg5 19. Kh2 Qh4 20. Bxg7 Kxg7 21. Bg4 Bxg4
22. Qxg4 Qxg4 23. hxg4 h5 24. gxh5 Rf5 25. f3 Ng3 26. Rfe1 Rxh5+ 27. Kg1 g5 28.
Kf2 Kf6 29. Nc5 Rah8 30. Re6+ Kf7 31. Rae1 Rh1 32. Re7+ Kg6 33. R7e6+ Kf7 34.
Nxb7 Ne4+ 35. R6xe4 dxe4 36. Rxe4 Rb1 37. Nd6+ Kf6 38. Ne8+ Kg6 39. Ke2 Rxb2+
40. Kd3 Rxg2 41. Nd6 Rxa2 42. Re6+ Kh5 43. Nf5 g4 44. Re5 gxf3 45. Nd6+ Kg4 46.
Nf7 Rhh2 47. Rg5+ Kh3 48. Rg8 f2 49. Ng5+ Kg4 50. Ne4+ Kf5 51. Nd6+ Ke6 52. Rg6+
Ke7 53. Nf5+ Kf7 54. Rg7+ Kf6 0-1

[Event "chess.com SpeedChess 2022"]
[Site "chess.com INT"]
[Date "2022.12.07"]
[Round "1.23"]
[White "Giri, Anish"]
[Black "Nihal, Sarin"]
[Result "0-1"]
[WhiteTitle "GM"]
[BlackTitle "GM"]
[WhiteElo "2764"]
[BlackElo "2670"]
[WhiteFideId "24116068"]
[BlackFideId "25092340"]
[EventDate "2022.11.23"]
[EventType "k.o."]

1. d4 d5 2. c4 e6 3. Nc3 h6 4. cxd5 exd5 5. Bf4 c6 6. e3 Bf5 7. Bd3 Bxd3 8. Qxd3
Nf6 9. Nge2 Nbd7 10. O-O Nh5 11. Be5 Be7 12. Qf5 g6 13. Qh3 Nxe5 14. dxe5 Qd7
15. Qxd7+ Kxd7 16. Rad1 Ke6 17. f4 Bc5 18. Kf2 Ng7 19. Na4 Bb6 20. b4 f6 21.
Nd4+ Kf7 22. Nc5 Bxc5 23. bxc5 fxe5 24. fxe5 Ne6 25. Ke2+ Ke7 26. Rf6 Nxc5 27.
Rxg6 Rag8 28. Nf5+ Kd7 29. Rxg8 Rxg8 30. Kf3 Ke6 31. Nxh6 Rf8+ 32. Ke2 Ne4 33.
Rf1 Nc3+ 34. Ke1 Rxf1+ 35. Kxf1 Nxa2 36. Ng4 b5 37. Ke2 b4 38. Nf2 c5 39. h4 c4
40. h5 Kxe5 41. h6 Kf6 42. g4 b3 43. g5+ Kg6 44. Kd2 c3+ 0-1

[Event "chess.com SpeedChess 2022"]
[Site "chess.com INT"]
[Date "2022.12.07"]
[Round "1.24"]
[White "Nihal, Sarin"]
[Black "Giri, Anish"]
[Result "1/2-1/2"]
[WhiteTitle "GM"]
[BlackTitle "GM"]
[WhiteElo "2670"]
[BlackElo "2764"]
[WhiteFideId "25092340"]
[BlackFideId "24116068"]
[EventDate "2022.11.23"]
[EventType "k.o."]

1. d4 Nf6 2. Nf3 g6 3. Nbd2 Bg7 4. e4 d6 5. Bb5+ c6 6. Bd3 O-O 7. O-O c5 8. dxc5
dxc5 9. Qe2 Nc6 10. c3 Qc7 11. h3 Nh5 12. Qe3 b6 13. Re1 Nf4 14. Bf1 Bh6 15. Kh1
Bg7 16. e5 Ne6 17. Ne4 Nxe5 18. Nxe5 Qxe5 19. Bc4 Bb7 20. Kg1 Rad8 21. Ng5 Qxe3
22. Bxe3 Nc7 23. Bf4 Nd5 24. Bxd5 Bxd5 25. Rxe7 f6 26. Ne6 Bxe6 27. Rxe6 Rd7 28.
a4 Kf7 29. Rc6 g5 30. Be3 Re8 31. a5 Re6 32. Rxe6 Kxe6 33. axb6 axb6 34. Ra6 Rd6
35. g4 h6 36. Kg2 Bf8 37. Ra8 Bg7 38. b4 cxb4 39. cxb4 f5 40. gxf5+ Kxf5 41. Rb8
Bd4 42. Bxd4 Rxd4 43. Rxb6 h5 44. b5 Rb4 45. Rb8 Kf6 46. b6 Kg6 47. Kf3 Kg7 48.
b7 Kh7 49. Ke3 Kg7 50. Kd3 Rb1 51. Ke4 Rb4+ 52. Kd5 Rb1 53. Ke5 Rb5+ 54. Ke6 Rb1
55. Kf5 Rb5+ 56. Ke6 Rb1 57. Ke5 Rb5+ 58. Ke4 Rb1 59. Kf3 Rb3+ 60. Kg2 Rb1 61.
h4 g4 62. Kg3 Rb4 63. Kg2 Rb3 64. Kf1 Rb2 65. Ke1 Kh7 66. Kd1 Kg7 67. Kc1 Rb6
68. Kc2 Rb5 69. Kc3 Rb6 70. Kc4 Rb1 71. Kc5 Rb2 72. Kc6 Rc2+ 73. Kd5 Rb2 74. Ke6
Rb6+ 75. Ke7 Rb1 76. Ke6 Rb6+ 77. Kd7 Rb1 78. Kd6 Rb2 79. Ke5 Rb5+ 80. Ke4 Rb4+
81. Kf5 Rb5+ 82. Ke6 Rb1 83. Kd6 1/2-1/2

[Event "chess.com SpeedChess 2022"]
[Site "chess.com INT"]
[Date "2022.12.07"]
[Round "1.25"]
[White "Giri, Anish"]
[Black "Nihal, Sarin"]
[Result "1-0"]
[WhiteTitle "GM"]
[BlackTitle "GM"]
[WhiteElo "2764"]
[BlackElo "2670"]
[WhiteFideId "24116068"]
[BlackFideId "25092340"]
[EventDate "2022.11.23"]
[EventType "k.o."]

1. d4 d5 2. c4 e6 3. Nc3 h6 4. cxd5 exd5 5. Bf4 c6 6. e3 Bf5 7. Bd3 Bxd3 8. Qxd3
Nf6 9. Nge2 Nbd7 10. O-O Be7 11. Ng3 O-O 12. f3 c5 13. Nf5 Re8 14. Rad1 Bf8 15.
Nb5 Nh5 16. Bd6 Qb6 17. Bxf8 Rxf8 18. Ne7+ Kh8 19. Nxd5 Qc6 20. Nbc3 Rad8 21. e4
a6 22. a3 cxd4 23. Qxd4 Nhf6 24. Rf2 Nc5 25. Qe3 Nxd5 26. Nxd5 Ne6 27. Rfd2 Rd7
28. h3 Rfd8 29. Kh1 a5 30. Kh2 Qd6+ 31. g3 Qe5 32. Kg2 Rxd5 33. Rxd5 Rxd5 34.
Rxd5 Qxb2+ 35. Rd2 Qa1 36. f4 Qb1 37. h4 b6 38. f5 Nc5 39. Re2 f6 40. g4 Nd3 41.
g5 Ne5 42. gxh6 Qd1 43. hxg7+ Kxg7 44. Rd2 Qb1 45. h5 Kh7 46. h6 Ng4 47. Qf4 Ne5
48. Qh4 Qc1 49. Rf2 Qc6 50. Kh3 Qc3+ 51. Qg3 Qc7 52. Qg7+ Qxg7 53. hxg7 Kxg7 54.
Kg3 Nc4 55. a4 Nd6 56. Rb2 Nxe4+ 57. Kf3 Nc5 58. Rxb6 Nxa4 59. Rb5 Kf7 60. Rxa5
Nb6 61. Ra7+ Ke8 62. Ra6 Nd7 63. Ra8+ Ke7 64. Ra6 1-0

[Event "chess.com SpeedChess 2022"]
[Site "chess.com INT"]
[Date "2022.12.07"]
[Round "1.26"]
[White "Nihal, Sarin"]
[Black "Giri, Anish"]
[Result "1-0"]
[WhiteTitle "GM"]
[BlackTitle "GM"]
[WhiteElo "2670"]
[BlackElo "2764"]
[WhiteFideId "25092340"]
[BlackFideId "24116068"]
[EventDate "2022.11.23"]
[EventType "k.o."]

1. d4 Nf6 2. Nf3 g6 3. Nc3 d5 4. Bf4 Bg7 5. Nb5 Na6 6. e3 O-O 7. Be2 Nh5 8. Bg5
c6 9. Nc3 h6 10. Bh4 g5 11. Bg3 Bf5 12. Bd3 Bxd3 13. cxd3 e6 14. a3 c5 15. Be5
f6 16. Bg3 Nxg3 17. hxg3 f5 18. Ne5 cxd4 19. exd4 Qb6 20. Ne2 Nb8 21. Qd2 Rc8
22. Qe3 Qxb2 23. O-O Qb6 24. Rab1 Qa6 25. Rfe1 Rc7 26. Ng6 Kf7 27. Ne5+ Kg8 28.
Ng6 Kh7 29. Ne5 Nc6 30. f4 g4 31. Kh2 Re8 32. Rb3 b6 33. Rc1 Qb7 34. Rbc3 Rec8
35. Nxg4 fxg4 36. Qxe6 Nxd4 37. Rxc7 Nxe6 38. Rxb7 Rxc1 39. Nxc1 1-0

[Event "chess.com SpeedChess 2022"]
[Site "chess.com INT"]
[Date "2022.12.07"]
[Round "1.27"]
[White "Giri, Anish"]
[Black "Nihal, Sarin"]
[Result "0-1"]
[WhiteTitle "GM"]
[BlackTitle "GM"]
[WhiteElo "2764"]
[BlackElo "2670"]
[WhiteFideId "24116068"]
[BlackFideId "25092340"]
[EventDate "2022.11.23"]
[EventType "k.o."]

1. d4 d5 2. c4 dxc4 3. Nf3 Nf6 4. e3 e6 5. Bxc4 c5 6. O-O a6 7. dxc5 Bxc5 8.
Qxd8+ Kxd8 9. Be2 Ke7 10. Nc3 b5 11. Nd2 Bb7 12. Nb3 Nbd7 13. Na5 Rab8 14. Bd2
Ne4 15. Nxe4 Bxe4 16. Rfc1 Rhc8 17. a4 bxa4 18. Bc3 a3 19. bxa3 Ra8 20. Be1 Bd5
21. Kf1 f5 22. h3 g5 23. Rc2 Be4 24. Rc3 Bb6 25. Rxc8 Rxc8 26. Bb4+ Kf6 27. Nc4
Bc5 28. Rd1 Bxb4 29. axb4 Bd5 30. Na5 Rb8 31. Rb1 Rb6 32. f3 Ne5 33. Kf2 h5 34.
Rb2 h4 35. Rb1 g4 36. hxg4 fxg4 37. fxg4 Kg5 38. Bf3 Rxb4 39. Rxb4 Nd3+ 40. Ke2
Nxb4 41. e4 Bc6 42. Ke3 Bb5 43. Kd4 Nc6+ 44. Nxc6 Bxc6 45. Kc5 Bb5 46. Kb6 Kf4
47. Ka5 h3 48. gxh3 Kxf3 49. g5 Kxe4 50. g6 Bc4 0-1

[Event "chess.com SpeedChess 2022"]
[Site "chess.com INT"]
[Date "2022.12.07"]
[Round "1.28"]
[White "Nihal, Sarin"]
[Black "Giri, Anish"]
[Result "1/2-1/2"]
[WhiteTitle "GM"]
[BlackTitle "GM"]
[WhiteElo "2670"]
[BlackElo "2764"]
[WhiteFideId "25092340"]
[BlackFideId "24116068"]
[EventDate "2022.11.23"]
[EventType "k.o."]

1. d4 Nf6 2. Nf3 g6 3. Nc3 d5 4. Bf4 Bg7 5. Nb5 Na6 6. e3 O-O 7. Be2 Nh5 8. Bg5
h6 9. Bh4 c6 10. Nc3 g5 11. Ne5 gxh4 12. Bxh5 Bf5 13. O-O e6 14. f4 Nc7 15. Bg4
Bh7 16. Be2 Ne8 17. Bd3 Nd6 18. Qh5 Nf5 19. Ng4 Bg6 20. Nxh6+ Bxh6 21. Qe2 Kh7
22. Nd1 Rg8 23. Nf2 Nd6 24. Ng4 Bxd3 25. cxd3 f5 26. Ne5 Qe8 27. Rf3 Nf7 28. b4
Nxe5 29. dxe5 a6 30. a3 Rg4 31. h3 Rg7 32. d4 Qe7 33. Rf2 Rag8 34. Kh2 Qf7 35.
Rb1 Rg3 36. Rb2 Qg6 37. Rb1 Rg7 38. Re1 Rg8 39. Qd2 Bf8 40. Qe2 Be7 41. Rb1 Kh6
42. Kh1 Kg7 43. Qd2 Kf7 44. Qe2 Ra8 45. a4 Qh7 46. a5 Kg6 47. Kh2 Qh5 48. Qd2
Kh6 49. Kh1 Kh7 50. Kh2 Rag8 51. Kh1 Qg6 52. Qe2 Kg7 53. Kh2 Kf7 54. Kh1 Ke8 55.
Kh2 Kd8 56. Kh1 Kc7 57. Kh2 Kb8 58. Kh1 Ka7 59. Kh2 Rg7 60. Kh1 Ka8 61. Kh2 Bxb4
62. Rxb4 Rxh3+ 63. Kg1 Qg3 64. Qh5 Rh1+ 65. Kxh1 Qxf2 66. Qh8+ Ka7 67. Qxg7 Qe1+
68. Kh2 Qxb4 69. Qd7 Qe1 70. Qxe6 Qg3+ 71. Kh1 h3 72. gxh3 Qxh3+ 73. Kg1 Qxe3+
74. Kh1 Qf3+ 75. Kg1 Qg3+ 76. Kh1 Qf3+ 77. Kg1 Qe3+ 78. Kg2 Qe2+ 79. Kg1 Qg4+
80. Kh1 Qf3+ 1/2-1/2

[Event "chess.com SpeedChess 2022"]
[Site "chess.com INT"]
[Date "2022.12.07"]
[Round "1.31"]
[White "Giri, Anish"]
[Black "Nihal, Sarin"]
[Result "1-0"]
[WhiteTitle "GM"]
[BlackTitle "GM"]
[WhiteElo "2764"]
[BlackElo "2670"]
[WhiteFideId "24116068"]
[BlackFideId "25092340"]
[EventDate "2022.11.23"]
[EventType "k.o."]

1. d4 d5 2. c4 dxc4 3. Nf3 Nf6 4. e3 e6 5. Bxc4 c5 6. O-O a6 7. b3 Nbd7 8. Bb2
Be7 9. Be2 b6 10. Ne5 Bb7 11. Bf3 Qc7 12. Nxd7 Qxd7 13. Bxb7 Qxb7 14. dxc5 Bxc5
15. Bxf6 gxf6 16. Nd2 Rd8 17. Qe2 O-O 18. Rfd1 Rd7 19. Nf3 Rfd8 20. h3 a5 21.
Rac1 Rd5 22. Rxd5 Qxd5 23. Qc2 Qd3 24. Qxd3 Rxd3 25. Kf1 Kf8 26. Ke2 Rd7 27. Rc4
Kg7 28. Ne1 Rc7 29. Nd3 Bd6 30. Rxc7 Bxc7 31. Kd2 Kf8 32. Kc3 Ke7 33. Kc4 Kd6
34. Kb5 Bd8 35. Nb2 Kc7 36. Nc4 Be7 37. Nxb6 Bb4 38. Nc4 Be1 39. f3 1-0

[Event "chess.com SpeedChess 2022"]
[Site "chess.com INT"]
[Date "2022.12.07"]
[Round "1.32"]
[White "Nihal, Sarin"]
[Black "Giri, Anish"]
[Result "0-1"]
[WhiteTitle "GM"]
[BlackTitle "GM"]
[WhiteElo "2670"]
[BlackElo "2764"]
[WhiteFideId "25092340"]
[BlackFideId "24116068"]
[EventDate "2022.11.23"]
[EventType "k.o."]

1. d4 Nf6 2. Nf3 g6 3. Nc3 d5 4. Bf4 Bg7 5. Nb5 Na6 6. e3 O-O 7. Be2 Nh5 8. Bg5
f6 9. Bh4 c6 10. Nc3 g5 11. Bg3 e5 12. Nd2 Nxg3 13. hxg3 Nc7 14. Nb3 f5 15. dxe5
Bxe5 16. Bd3 Qe7 17. Qh5 Bd7 18. O-O-O Be8 19. Qh6 Bg6 20. Nd4 a5 21. g4 Bg7 22.
Qh2 fxg4 23. Bxg6 hxg6 24. Qg3 Qd7 25. f3 a4 26. a3 b5 27. Qxg4 Qxg4 28. fxg4
Bxd4 29. Rxd4 Ne6 30. Rd2 Nc5 31. Re1 Rae8 32. Rde2 Ne4 33. Nd1 Rf6 34. c3 Kg7
35. Kc2 Rfe6 36. Kd3 Nc5+ 37. Kc2 Ne4 38. Kd3 Nd6 39. Nf2 Nc4 40. e4 Re5 41. Kd4
dxe4 42. Rxe4 Rd5# 0-1

[Event "chess.com SpeedChess 2022"]
[Site "chess.com INT"]
[Date "2022.12.07"]
[Round "1.33"]
[White "Giri, Anish"]
[Black "Nihal, Sarin"]
[Result "1-0"]
[WhiteTitle "GM"]
[BlackTitle "GM"]
[WhiteElo "2764"]
[BlackElo "2670"]
[WhiteFideId "24116068"]
[BlackFideId "25092340"]
[EventDate "2022.11.23"]
[EventType "k.o."]

1. d4 g6 2. e4 Bg7 3. Nf3 d6 4. Be3 a6 5. Bd3 b5 6. a4 b4 7. O-O Bb7 8. c3 bxc3
9. bxc3 Nd7 10. a5 Ngf6 11. Nbd2 O-O 12. h3 c5 13. Qe2 Qc7 14. Rfb1 Rfb8 15. Qd1
Bc6 16. Rxb8+ Rxb8 17. d5 Bxd5 18. exd5 Nxd5 19. Bg5 Bxc3 20. Rc1 Bf6 21. Bh6
Nb4 22. Ne4 Qxa5 23. Nxf6+ Nxf6 24. Bf1 Qc7 25. Qd2 a5 26. Nh2 a4 27. Ra1 Ra8
28. Ng4 Nxg4 29. hxg4 d5 30. Qc3 d4 31. Qf3 Qc6 32. Qf4 Qd6 33. Qf3 Qd5 34. Qf4
a3 35. g3 Qd8 36. Qe5 f6 37. Qe6+ Kh8 38. Qf7 Qg8 39. Qxe7 Ra6 40. Bc4 Ra7 41.
Qxf6+ 1-0

[Event "chess.com SpeedChess 2022"]
[Site "chess.com INT"]
[Date "2022.12.07"]
[Round "1.34"]
[White "Nihal, Sarin"]
[Black "Giri, Anish"]
[Result "0-1"]
[WhiteTitle "GM"]
[BlackTitle "GM"]
[WhiteElo "2670"]
[BlackElo "2764"]
[WhiteFideId "25092340"]
[BlackFideId "24116068"]
[EventDate "2022.11.23"]
[EventType "k.o."]

1. Nf3 Nf6 2. b3 g6 3. Bb2 Bg7 4. e3 O-O 5. d4 d6 6. Be2 Nbd7 7. O-O Re8 8. c4
c6 9. d5 cxd5 10. cxd5 Nb6 11. e4 Nxe4 12. Bxg7 Kxg7 13. Qd4+ Nf6 14. Nc3 Bg4
15. h3 Bxf3 16. Bxf3 Nd7 17. Rfe1 Qb6 18. Qf4 Rac8 19. Re3 Ne5 20. Rd1 a5 21. g4
h6 22. h4 Rh8 23. Ne2 Rc2 24. Ng3 Rxa2 25. g5 hxg5 26. hxg5 Nfd7 27. Be4 Qb4 28.
Ne2 Rd2 29. Rc1 Rb2 30. Kg2 Rxb3 31. Rc7 Rxe3 32. Qxe3 Qe1 33. Rc1 Qb4 34. Nd4
a4 35. Rb1 Qc5 36. Rxb7 a3 37. Nc6 Qxe3 38. fxe3 Ra8 39. Rb1 Nc5 40. Bc2 Nc4 41.
Kf2 a2 42. Ra1 Nd2 43. Nb4 Nde4+ 44. Ke2 Nxg5 45. Rxa2 Rxa2 46. Nxa2 Kf6 47. Nb4
Nge4 48. Kf3 Nc3 49. e4 Nd7 50. Ke3 Ne5 51. Na6 Nb5 52. Ba4 Na7 53. Nc7 Nc8 54.
Kf4 Kg7 55. Ne8+ Kf8 56. Nc7 Nb6 57. Bc2 Nbd7 58. Nb5 Nf6 59. Nd4 Nh5+ 60. Ke3
Nf6 61. Kf4 Kg7 62. Ba4 Kh6 63. Bc2 Nh5+ 64. Ke3 Kg5 65. Nc6 Kf6 66. Nd4 g5 67.
Nf5 g4 68. Bd1 Ng7 69. Nd4 Kg5 70. Nc6 Nxc6 71. dxc6 Ne8 72. Bb3 e6 73. Kd4 Kf4 0-1

[Event "chess.com SpeedChess 2022"]
[Site "chess.com INT"]
[Date "2022.12.07"]
[Round "1.35"]
[White "Giri, Anish"]
[Black "Nihal, Sarin"]
[Result "1/2-1/2"]
[WhiteTitle "GM"]
[BlackTitle "GM"]
[WhiteElo "2764"]
[BlackElo "2670"]
[WhiteFideId "24116068"]
[BlackFideId "25092340"]
[EventDate "2022.11.23"]
[EventType "k.o."]

1. d4 Nf6 2. c4 e6 3. Nc3 d5 4. cxd5 exd5 5. Bg5 c6 6. e3 Be7 7. Bd3 Nbd7 8.
Nge2 O-O 9. Qc2 Re8 10. O-O Nf8 11. f3 Nh5 12. Bxe7 Qxe7 13. e4 dxe4 14. fxe4
Bg4 15. e5 Rad8 16. h3 Bxe2 17. Nxe2 g6 18. Bc4 Ne6 19. Rad1 Nhg7 20. Ng3 Kh8
21. Qc3 Qh4 22. Rxf7 Nxd4 23. e6 Ngxe6 24. Bxe6 Rxe6 25. Rxb7 Kg8 26. Kh1 Qf4
27. Rxa7 Re3 28. Qc4+ Kh8 29. Ne2 Rxh3+ 30. gxh3 Qf3+ 31. Kh2 Qf2+ 32. Kh1 Qf3+
33. Kh2 Qf2+ 34. Kh1 Qf3+ 1/2-1/2

[Event "chess.com SpeedChess 2022"]
[Site "chess.com INT"]
[Date "2022.12.07"]
[Round "1.36"]
[White "Nihal, Sarin"]
[Black "Giri, Anish"]
[Result "1-0"]
[WhiteTitle "GM"]
[BlackTitle "GM"]
[WhiteElo "2670"]
[BlackElo "2764"]
[WhiteFideId "25092340"]
[BlackFideId "24116068"]
[EventDate "2022.11.23"]
[EventType "k.o."]

1. d4 Nf6 2. Nf3 g6 3. Nc3 d5 4. Bf4 Bg7 5. Nb5 Na6 6. e3 O-O 7. h3 Ne4 8. c3 c6
9. Na3 f6 10. Be2 e5 11. Bh2 exd4 12. cxd4 Qa5+ 13. Nd2 Bf5 14. f3 Nxd2 15. Qxd2
Qxd2+ 16. Kxd2 Nb8 17. g4 Be6 18. b4 Nd7 19. Rhc1 Rfe8 20. b5 Bf8 21. Nc2 c5 22.
dxc5 Bxc5 23. Nd4 Bf7 24. Rab1 Rac8 25. Rc3 Bb6 26. Rxc8 Rxc8 27. Nb3 Ne5 28. a4
Nc4+ 29. Bxc4 dxc4 30. Nd4 c3+ 31. Kc2 Rc4 32. Ra1 Bxd4 33. exd4 Bd5 34. Ra3
Bxf3 35. Rxc3 Rxa4 36. Rxf3 Ra2+ 37. Kb3 Rxh2 38. Rxf6 Kg7 39. Rf3 a6 40. b6 Rd2
41. Kc4 Rb2 42. d5 Rxb6 43. Kc5 Rb5+ 44. Kd6 a5 45. Ke6 a4 46. d6 Rb3 47. Rf7+
Kh6 48. d7 Re3+ 49. Kd6 Rd3+ 50. Kc7 Rc3+ 51. Kxb7 Rd3 52. Kc7 Rc3+ 53. Kd8 a3
54. Rf4 Rd3 55. Ra4 Kg5 56. Kc7 Kh4 57. d8=Q+ Rxd8 58. Kxd8 h5 59. gxh5+ Kxh5
60. Rxa3 1-0

[Event "chess.com SpeedChess 2022"]
[Site "chess.com INT"]
[Date "2022.12.07"]
[Round "1.37"]
[White "Giri, Anish"]
[Black "Nihal, Sarin"]
[Result "1-0"]
[WhiteTitle "GM"]
[BlackTitle "GM"]
[WhiteElo "2764"]
[BlackElo "2670"]
[WhiteFideId "24116068"]
[BlackFideId "25092340"]
[EventDate "2022.11.23"]
[EventType "k.o."]

1. d4 g6 2. e4 Bg7 3. Nf3 d6 4. Be3 Nc6 5. Nc3 Bg4 6. Qd2 Bxf3 7. gxf3 e5 8.
dxe5 Nxe5 9. Be2 Nf6 10. O-O-O O-O 11. h4 Re8 12. h5 b5 13. hxg6 hxg6 14. Bh6
Bh8 15. Bg5 Bg7 16. f4 b4 17. Nd5 Ned7 18. Bf3 c6 19. Nxf6+ Bxf6 20. Rh3 Bxg5
21. fxg5 Ne5 22. Rdh1 Kf8 23. Be2 Ke7 24. Rh7 Qb6 25. f4 Nd7 26. Bc4 Rf8 27. Kb1
Qc5 28. Bb3 a5 29. Ba4 Nb6 30. Bb3 a4 31. Bxf7 Rxf7 32. Rxf7+ Kxf7 33. Rh7+ Ke6
34. Qg2 Rf8 35. Qg4+ Rf5 36. exf5+ gxf5 37. Qe2+ Kd5 38. Rh1 Qc4 39. Rd1+ Kc5
40. Qxc4+ Nxc4 41. g6 1-0

[Event "chess.com SpeedChess 2022"]
[Site "chess.com INT"]
[Date "2022.12.07"]
[Round "1.38"]
[White "Nihal, Sarin"]
[Black "Giri, Anish"]
[Result "1-0"]
[WhiteTitle "GM"]
[BlackTitle "GM"]
[WhiteElo "2670"]
[BlackElo "2764"]
[WhiteFideId "25092340"]
[BlackFideId "24116068"]
[EventDate "2022.11.23"]
[EventType "k.o."]

1. Nf3 Nf6 2. d4 g6 3. Nc3 d5 4. Bf4 Bg7 5. Nb5 Na6 6. e3 O-O 7. h3 Ne4 8. c3 c6
9. Na3 f6 10. Be2 e5 11. Bh2 exd4 12. exd4 Nc7 13. O-O f5 14. Be5 Ne6 15. Re1 f4
16. c4 N6g5 17. cxd5 cxd5 18. Nb5 Bxh3 19. Qb3 Bf5 20. Rac1 Ne6 21. Bd3 Rf7 22.
Nc3 Nxc3 23. Bxf5 Rxf5 24. Rxc3 Qd7 25. Bxg7 Kxg7 26. Ne5 Qe7 27. Qxd5 Rd8 28.
Nxg6 hxg6 29. Qxe6 Qxe6 30. Rxe6 Rxd4 31. Re7+ Rf7 32. Rxf7+ Kxf7 33. Rc7+ Kf6
34. Rxb7 a5 35. Rb6+ Kf5 36. Rb5+ Kf6 37. Rxa5 Rd1+ 38. Kh2 Rd2 39. Rb5 Rxf2 40.
a4 g5 41. Kh3 Re2 42. a5 Re3+ 43. Kh2 Re1 44. Kh3 Re3+ 45. Kh2 Re1 46. b4 Ra1
47. Kh3 Ra3+ 48. Kh2 g4 49. Rc5 Ra1 50. Rb5 Ra2 51. Kg1 Ra1+ 52. Kf2 Ra2+ 53.
Kf1 Ra1+ 54. Ke2 Ra2+ 55. Kd3 Ra3+ 56. Ke4 f3 57. gxf3 g3 58. Rb6+ Kg5 59. f4+
Kh5 60. Kf5 g2 61. Rg6 Ra2 62. Rg8 Kh4 63. Kf6 Rf2 64. f5 Ra2 65. b5 Rxa5 66.
Rxg2 Rxb5 67. Kg6 1-0

[Event "chess.com SpeedChess 2022"]
[Site "chess.com INT"]
[Date "2022.12.07"]
[Round "1.41"]
[White "Giri, Anish"]
[Black "Nihal, Sarin"]
[Result "1-0"]
[WhiteTitle "GM"]
[BlackTitle "GM"]
[WhiteElo "2764"]
[BlackElo "2670"]
[WhiteFideId "24116068"]
[BlackFideId "25092340"]
[EventDate "2022.11.23"]
[EventType "k.o."]

1. d4 g6 2. e4 Bg7 3. Nf3 d6 4. Be3 Nc6 5. Nc3 Bg4 6. Qd2 Bxf3 7. gxf3 Nf6 8.
O-O-O O-O 9. h4 e5 10. dxe5 dxe5 11. Bc4 Nd4 12. f4 Ng4 13. fxe5 Nxe3 14. Qxe3
Bxe5 15. f4 Bg7 16. h5 Re8 17. hxg6 hxg6 18. e5 c5 19. Qh3 Kf8 20. Ne4 b5 21.
Bxf7 Kxf7 22. Nd6+ Kf8 23. Qh7 Re6 24. Rdf1 Rxd6 25. exd6 Qxd6 26. f5 Nxf5 27.
Rhg1 Qe5 28. c3 Re8 29. Qxg6 Qe3+ 30. Kb1 Qe4+ 31. Ka1 Re5 32. Qxg7+ Ke8 33.
Qxa7 1-0